[Event "81st UKR-ch"]
[Site "Kyiv UKR"]
[Date "2012.08.07"]
[Round "1"]
[White "Zubov, Alexander"]
[WhiteElo "2621"]
[Black "Kuzubov, Yuriy"]
[BlackElo "2629"]
[Result "1-0"]
[EventDate "2012.07.??"]
[PlyCount "128"]

1. c4 Nf6 2. Nc3 e6 3. Nf3 d5 4. d4 dxc4 5. e3 a6 6. Bxc4 b5 7. Bb3 Bb7 8. O-O c5 9. e4 cxd4 10. Nxd4 Nbd7 11. Qe2 Bc5 12. Nf3 Qb8 13. Bg5 b4 14. Na4 Ba7 15. Rad1 O-O 16. Bc2 Bc6 17. b3 Bb5 18. Bd3 h6 19. Bh4 Rc8 20. Nb2 Bxd3 21. Rxd3 Rc3 22. Bxf6 Nxf6 23. Nc4 Qf4 24. e5 Qe4 25. Rd2 Qxe2 26. Rxe2 Nd5 27. Rd1 Rxc4 28. bxc4 Nc3 29. Red2 Nxd1 30. Rxd1 Rc8 31. Rc1 Kf8 32. Kf1 Ke7 33. Ke2 g5 34. Ne1 Bd4 35. Nd3 Bc3 36. c5 Kd7 37. a3 a5 38. Kd1 Kc6 39. Kc2 Kb5 40. Kb3 Rd8 41. Rd1 Rd5 42. a4+ Kc6 43. Kc4 Rd4+ 44. Kb3 Re4 45. Rc1 Bxe5 46. h4 Bg7 47. hxg5 hxg5 48. Rc4 Re2 49. Rc2 Rxc2 50. Kxc2 Bd4 51. Kb3 Kd5 52. c6 Bb6 53. f3 Bc7 54. Nf2 f5 55. g4 Kxc6 56. Kc4 Kd6 57. Nd3 Bb6 58. Kb5 fxg4 59. fxg4 e5 60. Kxb6 e4 61. Nb2 b3 62. Kxa5 e3 63. Nc4+ Kc5 64. Nb2 e2 1-0

[Event "81st UKR-ch"]
[Site "Kyiv UKR"]
[Date "2012.08.06"]
[Round "2"]
[White "Kuzubov, Yuriy"]
[WhiteElo "2629"]
[Black "Vovk, Yuri"]
[BlackElo "2584"]
[Result "1-0"]
[EventDate "2012.07.??"]
[PlyCount "160"]

1. e4 e6 2. d4 d5 3. Nc3 Nc6 4. e5 f6 5. Bb5 Bd7 6. Nf3 a6 7. Bxc6 Bxc6 8. O-O Qd7 9. a4 Ne7 10. Re1 Ng6 11. b3 Bb4 12. Bd2 O-O 13. Ne2 Be7 14. Nf4 Nxf4 15. Bxf4 f5 16. Bg5 h6 17. Bxe7 Qxe7 18. Qd3 a5 19. Nd2 f4 20. Rec1 Qg5 21. c3 Be8 22. c4 dxc4 23. bxc4 Rd8 24. Qc3 c5 25. dxc5 Qg6 26. Ra3 Bc6 27. f3 Rd7 28. Qxa5 Rfd8 29. Ra2 Qd3 30. Re1 Qd4+ 31. Kf1 Qd3+ 32. Re2 Qf5 33. Qb6 Qh5 34. h3 Rd3 35. Qb1 Re3 36. Qe1 Qxe5 37. Ra3 Rxe2 38. Qxe2 Qxc5 39. Rd3 Rxd3 40. Qxd3 Qe5 41. Ne4 Qa1+ 42. Kf2 Qxa4 43. Qd8+ Kh7 44. Qd3 Qa7+ 45. Ke2 Kg6 46. Nc5+ Kf7 47. Qd4 Qa2+ 48. Kf1 e5 49. Qxe5 Qxc4+ 50. Kg1 Bd5 51. Qf5+ Ke7 52. Qe5+ Kf8 53. Nd7+ Kf7 54. Qd6 Qc1+ 55. Kh2 Bc6 56. Ne5+ Kg8 57. Ng6 Qe1 58. Nxf4 Qe8 59. Ne6 Bd7 60. Nc5 Bc6 61. h4 Qf8 62. Qe6+ Kh8 63. Nd3 Qd8 64. Qc4 b5 65. Qc3 Qxh4+ 66. Kg1 Qc4 67. Qa3 Qd4+ 68. Kh2 Kh7 69. Qb3 Be8 70. Nb4 Bg6 71. Qa3 Qe5+ 72. Kg1 h5 73. Nc6 Qd5 74. Nb4 Qd4+ 75. Kh2 Qe5+ 76. Kg1 h4 77. Qb3 Qe1+ 78. Kh2 Qg3+ 79. Kh1 h3 80. gxh3 Be4 1-0

[Event "81st UKR-ch"]
[Site "Kyiv UKR"]
[Date "2012.07.30"]
[Round "7"]
[White "Vovk, Yuri"]
[WhiteElo "2584"]
[Black "Zubov, Alexander"]
[BlackElo "2621"]
[Result "1-0"]
[EventDate "2012.07.??"]
[PlyCount "109"]

1. e4 e5 2. Nf3 Nc6 3. Bc4 Bc5 4. c3 Nf6 5. d3 O-O 6. O-O Be7 7. Re1 d6 8. Bb3 Na5 9. Bc2 c5 10. Nbd2 Nc6 11. Nc4 Re8 12. a4 h6 13. Bb3 Bf8 14. Ne3 Be6 15. Nd5 Rc8 16. Nd2 g6 17. Qf3 Nd7 18. Nc4 Qh4 19. Bd2 Kh8 20. g3 Qh3 21. Qe2 f5 22. Nce3 Na5 23. Ba2 Bg7 24. Ng2 Bxd5 25. exd5 Nf6 26. f3 b6 27. b4 Nb7 28. Bc4 Rf8 29. Nh4 Kh7 30. Qg2 Qxg2+ 31. Nxg2 Rf7 32. Ra2 a5 33. Ne3 cxb4 34. cxb4 axb4 35. Bxb4 Nc5 36. Rb1 Nfd7 37. Kg2 f4 38. Nd1 fxg3 39. hxg3 Rcf8 40. Rf2 h5 41. Nc3 Bh6 42. Ne4 Nxe4 43. dxe4 Rf6 44. Bb5 R8f7 45. Rb3 g5 46. Bxd7 Rxd7 47. Be1 Ra7 48. Ra2 g4 49. fxg4 hxg4 50. Bf2 Ra6 51. Bg1 Rf3 52. Rxb6 Ra5 53. Rb7+ Kg6 54. Ra7 Rxa7 55. Bxa7 1-0

[Event "81st UKR-ch"]
[Site "Kyiv UKR"]
[Date "2012.07.27"]
[Round "9"]
[White "Yefymenko, Zakhar"]
[WhiteElo "2694"]
[Black "Zubov, Alexander"]
[BlackElo "2621"]
[Result "1/2-1/2"]
[EventDate "2012.07.??"]
[PlyCount "53"]

1. Nf3 Nf6 2. c4 e6 3. Nc3 Bb4 4. Qc2 O-O 5. a3 Bxc3 6. Qxc3 b6 7. g3 Bb7 8. Bg2 d5 9. d3 d4 10. Qc2 e5 11. e4 dxe3 12. Bxe3 c5 13. O-O Nbd7 14. Rfe1 Qc7 15. Bd2 Rfe8 16. Bc3 e4 17. Nd2 exd3 18. Qxd3 Bxg2 19. Kxg2 Ne5 20. Qf5 Qc6+ 21. Kg1 Ned7 22. Rad1 h6 23. Qf3 Rxe1+ 24. Rxe1 Qxf3 25. Nxf3 Re8 26. Rxe8+ Nxe8 27. Kf1 1/2-1/2

[Event "81st UKR-ch"]
[Site "Kyiv UKR"]
[Date "2012.07.29"]
[Round "11"]
[White "Areschenko, Alexander"]
[WhiteElo "2691"]
[Black "Zubov, Alexander"]
[BlackElo "2621"]
[Result "1/2-1/2"]
[EventDate "2012.07.??"]
[PlyCount "60"]

1. d4 Nf6 2. c4 g6 3. g3 Bg7 4. Bg2 d5 5. cxd5 Nxd5 6. Nf3 Nb6 7. Nc3 Nc6 8. e3 O-O 9. O-O Re8 10. d5 Na5 11. Nd4 Bd7 12. Nb3 Nxb3 13. axb3 c6 14. e4 cxd5 15. exd5 Nc8 16. Re1 Nd6 17. Bf4 a6 18. Be5 Qb6 19. Bf3 Rad8 20. Rc1 Nf5 21. Bg4 Bxe5 22. Rxe5 Qf6 23. Re4 Nd6 24. Rf4 Qg7 25. Bxd7 Rxd7 26. Qg4 Red8 27. Re1 Nf5 28. Rfe4 Qf6 29. Re5 h5 30. Qf4 Nd6 1/2-1/2